Návrh metodiky hodnotenia ekonomickej efektívnosti environmentálnych investícií v rámci fungovania EMS v MSP SR = Proposal of methodology for assessment of the economic efficiency of environmental investment in the operation of EMS in small and medium enterprises in Slovak republic : Dizertačná práca

Enregistré dans:
Détails bibliographiques
Auteur principal: Mrvová, Ľubica, 1959- (Auteur)
Autres auteurs: Sakál, Peter, 1951- (Directeur de thèse)
Format: Manuscrit Livre
Langue:slovaque
Publié: Trnava : STU v Bratislave MTF, 2010
Sujets:
Tags: Ajouter un tag
Pas de tags, Soyez le premier à ajouter un tag!

MARC

LEADER 00000ntm a22000003a 4500
001 stu220881
005 20220317164821.9
008 110204s2010----xo------------------slo-d
040 |a STU  |b slo 
041 0 |a slo 
044 |a xo 
100 1 |a Mrvová, Ľubica,  |d 1959-  |4 aut  |u M4000  |U MTF Materiálovotechnologická fakulta  |T MTF Ústav priemyselného inžinierstva a manažmentu  |X 1484  |U M4000  |Y 84  |7 A000001484 
245 1 |a Návrh metodiky hodnotenia ekonomickej efektívnosti environmentálnych investícií v rámci fungovania EMS v MSP SR = Proposal of methodology for assessment of the economic efficiency of environmental investment in the operation of EMS in small and medium enterprises in Slovak republic :  |b Dizertačná práca 
260 |a Trnava :  |b STU v Bratislave MTF,  |c 2010 
300 |a 167 s  |c príl 
500 |a MTF-3172-1484 
500 |a Číslo a názov vedného odboru: 62-90-9 Podnikový manažment 
650 7 |a ekonomická efektívnosť  |2 stusub 
650 7 |a environmentálny manažérsky systém  |2 stusub 
700 1 |a Sakál, Peter,  |d 1951-  |4 ths  |u M4000  |U MTF Materiálovotechnologická fakulta  |T MTF Ústav priemyselného inžinierstva a manažmentu  |X 325  |U M4000  |Y 84  |7 A000000325 
996 |b 284M079144  |c M*DzP-211  |l MMSKP  |s P  |a 0  |w stu220881_0001